Modern textbook of zoology vertebrates: (Record no. 180146)
[ view plain ]
| 000 -LEADER | |
|---|---|
| fixed length control field | 00656nam a22002057a 4500 |
| 005 - DATE AND TIME OF LATEST TRANSACTION | |
| control field | 20210726163137.0 |
| 010 ## - LCCN (DPL NO) | |
| LC control number | B-740641 |
| 020 ## - INTERNATIONAL STANDARD BOOK NUMBER | |
| Terms of availability | 745.00 |
| International Standard Book Number | 9788193887561 |
| 035 ## - SYSTEM CONTROL NUMBER | |
| System control number | B-740641 |
| 037 ## - SOURCE OF ACQUISITION | |
| Source of stock number/acquisition | Gift |
| 082 ## - DEWEY DECIMAL CLASSIFICATION NUMBER | |
| Classification number | 596 |
| 100 ## - MAIN ENTRY--PERSONAL NAME | |
| Personal name | Kotpal, R.L. |
| 245 ## - TITLE STATEMENT | |
| Title | Modern textbook of zoology vertebrates: |
| Remainder of title | animal diversity-II / |
| Statement of responsibility, etc | by R.L. Kotpal |
| 250 ## - EDITION STATEMENT | |
| Edition statement | 5th ed. |
| 260 ## - PUBLICATION, DISTRIBUTION, ETC. (IMPRINT) | |
| Place of publication, distribution, etc | Meerut |
| Name of publisher, distributor, etc | Rastogi Publications |
| Date of publication, distribution, etc | 2020 |
| 270 ## - ADDRESS | |
| Address | 'Gangotri' Shivaji Road |
| City | Meerut |
| Postal code | 250002 |
| 300 ## - PHYSICAL DESCRIPTION | |
| Extent | xx, 948p.: |
| Other physical details | ill. |
| Dimensions | 24cm(pbk) |
| 942 ## - ADDED ENTRY ELEMENTS (KOHA) | |
| Source of classification or shelving scheme | Dewey Decimal Classification |
| Item type | English Books |
| Call number suffix | KOT |
| Classification part | 596 |
| Withdrawn status | Lost status | Not for loan | Collection code | Home library | Current library | Date acquired | Source of acquisition | Cost, normal purchase price | Full call number | Barcode | Copy number | Cost, replacement price | Koha item type | Public note |
|---|---|---|---|---|---|---|---|---|---|---|---|---|---|---|
| Non-fiction | Central Library | Central Library | 26/07/2021 | Gift/Eng/07-07-2021 | 745.00 | 596 KOT | B-740641 | 1 | 745.00 | English Books | Gift |
